| 000 | 00649nam a2200193 i 4500 | ||
|---|---|---|---|
| 001 | 182453 | ||
| 003 | ES-MaACL | ||
| 005 | 20230906221619.0 | ||
| 008 | 130816s1988 sp |||| | spa d | ||
| 100 | 1 |
_aLázaro Durán, María Isabel. _9153266 |
|
| 245 | 1 | 3 |
_aLa formación de los intelecturales sirolibaneses en el siglo XIX / _cMaría Isabel Lázaro Durán. |
| 260 |
_aMadrid : _bCantArabia, _c1988. |
||
| 300 |
_a15 p. ; _c25 cm. |
||
| 490 | 1 |
_aCuadernos de almenara ; _v2 |
|
| 650 | 4 |
_aIntelectuales- _zPaíses árabes. _9153267 |
|
| 830 | 0 |
_aCuadernos de almenara ; _v2 _9191754 |
|
| 852 |
_aES-MaACL _j2325-F-15 |
||
| 999 |
_c182453 _d182453 |
||